Fantastic voyages:learning science through science fiction films (Record no. 1212305)

MARC details
000 -LEADER
fixed length control field 01115nam a2200325Ia 4500
003 - CONTROL NUMBER IDENTIFIER
control field OSt
005 - DATE AND TIME OF LATEST TRANSACTION
control field 20221007123657.0
008 - FIXED-LENGTH DATA ELEMENTS--GENERAL INFORMATION
fixed length control field 221006b |||||||| |||| 00| 0 eng d
020 ## - INTERNATIONAL STANDARD BOOK NUMBER
International Standard Book Number 0387004408 (pbk)
037 ## - SOURCE OF ACQUISITION
Terms of availability Textbook
040 ## - CATALOGING SOURCE
Original cataloging agency PAPL
Transcribing agency PAPL
Language of cataloging eng
041 ## - LANGUAGE CODE
Source of code eng
Language code of text/sound track or separate title eng
100 ## - MAIN ENTRY--PERSONAL NAME
Personal name Dubeck Leroy W
9 (RLIN) 717579
245 #0 - TITLE STATEMENT
Title Fantastic voyages:learning science through science fiction films
Remainder of title Moshier Suzanne E Boss Judith E
250 ## - EDITION STATEMENT
Edition statement 2
260 ## - PUBLICATION, DISTRIBUTION, ETC.
Place of publication, distribution, etc. New
Name of publisher, distributor, etc. York Springer-Verlag
Date of publication, distribution, etc. 2004
300 ## - PHYSICAL DESCRIPTION
Extent xvi,347p.
Dimensions cm.
500 ## - GENERAL NOTE
General note Index 341-347p
650 ## - SUBJECT ADDED ENTRY--TOPICAL TERM
Topical term or geographic name entry element Physics-study and teaching
9 (RLIN) 717580
650 ## - SUBJECT ADDED ENTRY--TOPICAL TERM
Topical term or geographic name entry element Science fiction films
9 (RLIN) 717581
650 ## - SUBJECT ADDED ENTRY--TOPICAL TERM
Topical term or geographic name entry element Physics
700 ## - ADDED ENTRY--PERSONAL NAME
Personal name Boss Judith E
9 (RLIN) 717582
700 ## - ADDED ENTRY--PERSONAL NAME
Personal name Moshier Suzanne E
9 (RLIN) 717583
942 ## - ADDED ENTRY ELEMENTS (KOHA)
Classification part C:(T), P4 Carpa
Koha item type Textbook
Source of classification or shelving scheme Colon Classification (CC)
Holdings
Withdrawn status Lost status Source of classification or shelving scheme Damaged status Not for loan Home library Current library Date acquired Source of acquisition Total Checkouts Full call number Barcode Date last seen Price effective from Koha item type
    Colon Classification (CC)     Department of Physics and Astrophysics Library Department of Physics and Astrophysics Library 2022-10-07 1893, 29/03/2007, Unilib Book Distributors   C:(T) P4 Carpa PA0005919 2022-10-07 2022-10-07 Textbook
Copyright @ Delhi University Library System